| 000 | 00989nam0a22002531 4500 | ||
|---|---|---|---|
| 001 | rc\3441799 | ||
| 005 | 20260407220652.0 | ||
| 021 |
_aRU _bРг4862-70 |
||
| 021 |
_aRU _b69-14445 |
||
| 035 | _a(NLR Aleph) 007568464 | ||
| 090 |
_a5378273 _c5378273 |
||
| 100 | _a20130115d1969 |||y0rusy50 ca | ||
| 101 | 0 | _arus | |
| 102 | _aRU | ||
| 105 | _aa z ||||| | ||
| 200 | 1 |
_aГидрофицированные поперечно-строгальные станки _eМодель 7М36, 7М37 _eАльбом чертежей _fМ-во станкостроит. и инструм. пром-сти. Станкостроит. завод им. С.М. Кирова |
|
| 210 |
_aГомель _cБ. и. _d[1969] |
||
| 215 |
_a82 с. _cчерт. _d30 |
||
| 712 | 0 | 2 |
_aСтанкостроительный завод им. С. М. Кирова _cГомель _3RU\NLR\AUTH\8810147243 _9788957 |
| 801 | 0 |
_aRU _bNLR _gpsbo |
|
| 801 | 1 |
_aRU _bELAR _2rusmarc |
|
| 852 |
_aNLR _j69-8/2364 |
||
| 942 | _cBOOK | ||
| 980 | _aNB | ||